00388cam a2200157ua 45000010005000000080039000050200018000440400009000620410008000710820012000791000029000912450046001202500009001662600038001753000017002135240150213n ii |||gr||||Z||||||eng a0-143-02857-X cMAIN aeng a823.954 aRoy, Arundhati,eAuthor, aThe god of small thingscby Arundhati Roy a1st. aNew Delhi:bPenguin books,c2002. a340p:c23cm.